000 01529nam a2200313 i 4500
001 172067
003 ES-MaACL
005 20250820142554.0
007 t|
008 090612s1990 sp |||| | spa d
020 _a84-7914-012-7
100 0 _aAgustín
_cSanto, Obispo de Hipona.
_9125563
245 1 0 _aObras completas de San Agustín.
_nXXXVIII,
_pEscritos contra los arrianos y otros herejes /
_cintroducciones, versiones, notas e índices de Teodoro Calvo Madrid y José Mª Ozaeta León ; traducción de Santos Santamarta ; [texto latino preparado para esta edición por Enrique Garmón].
250 _aEd. bilingüe.
260 _aMadrid :
_bBiblioteca de Autores Cristianos,
_c1990.
300 _aXXI, 935 p. ;
_c20 cm.
490 1 _aBiblioteca de autores cristianos ;
_v512
500 _aÍndices.
505 8 _aContiene: Las herejías ; Sermón de los arrianos ; Réplica al Sermón de los arrianos ; Debate con Maximino, obispo arriano ; Réplica al mismo Maximino ; A Orosio, contra los priscilianistas y origenistas ; Réplica al adversario de la Ley y los Profetas ; Tratado contra los judíos
546 _aTexto latino y traducción en español.
650 4 _aArrianismo.
_9153228
650 4 _aJudaísmo-
_vObras de controversia.
_913970
700 1 _aCalvo Madrid, Teodoro,
_d1929-
_9140657
700 1 _aOzaeta, José María.
_988064
700 1 _aGarmón, Enrique.
_9140644
830 0 0 _aBiblioteca de autores cristianos
_v512
_9178679
852 _aES-MaACL
_jJ-499
999 _c172067
_d172067